Name The Beatles Albums - Statistics

General Stats
  • This quiz has been taken 49 times
  • The average score is 12 of 22
Answer Stats
Year Album % Correct
1969 Abbey Road
90%
1968 The Beatles (The White Album)
90%
1965 Help!
88%
1967 Sgt. Pepper's Lonely Hearts Club Band
86%
1966 Revolver
83%
1964 A Hard Day's Night
81%
1970 Let It Be
79%
1965 Rubber Soul
79%
1969 Yellow Submarine
79%
1967 Magical Mystery Tour
74%
1963 Please Please Me
67%
1964 Beatles for Sale
62%
1963 With the Beatles
60%
1964 Meet the Beatles!
43%
1966 Yesterday and Today
31%
1964 Introducing... The Beatles
24%
1964 Beatles '65
19%
1964 The Beatles' Second Album
19%
1964 The Beatles' Long Tall Sally
14%
1964 Twist and Shout
14%
1965 Beatles VI
12%
1964 Something New
12%
No matching quizzes found
Score Distribution
Percent of People with Each Score
Percentile by Number Answered
Your Score History
You have not taken this quiz